ბათუმის შოთა რუსთაველის სახელმწიფო უნივერსიტეტის ბიბლიოთეკა

The Global Age : (ბიბ.ჩანაწერი № 57503)

000 -LEADER
fixed length control field 00935cam a2200301 i 4500
001 - CONTROL NUMBER
control field 21011666
005 - DATE AND TIME OF LATEST TRANSACTION
control field 20221107172354.0
008 - FIXED-LENGTH DATA ELEMENTS--GENERAL INFORMATION
fixed length control field 190610s2018 nyuabf b 001 0 eng
010 ## - LIBRARY OF CONGRESS CONTROL NUMBER
LC control number 2019023176
020 ## - INTERNATIONAL STANDARD BOOK NUMBER
International Standard Book Number 9780735223981 X
Qualifying information (hardcover)
020 ## - INTERNATIONAL STANDARD BOOK NUMBER
Canceled/invalid ISBN 9780735223998 X
Qualifying information (ebook)
041 ## - LANGUAGE CODE
Language code of text/sound track or separate title eng
042 ## - AUTHENTICATION CODE
Authentication code pcc
050 00 - LIBRARY OF CONGRESS CALL NUMBER
Classification number D1051
Item number .K47 2018
080 ## - UNIVERSAL DECIMAL CLASSIFICATION NUMBER
Universal Decimal Classification number 94(4) K-37
082 00 - DEWEY DECIMAL CLASSIFICATION NUMBER
Classification number 940.55
Edition number 23
100 1# - MAIN ENTRY--PERSONAL NAME
Personal name Kershaw, Ian,
Relator term author.
9 (RLIN) 8889
240 10 - UNIFORM TITLE
Uniform title Roller-coaster
245 14 - TITLE STATEMENT
Title The Global Age :
Remainder of title Europe, 1950-2017 /
Statement of responsibility, etc. Ian Kershaw.
264 #1 - PRODUCTION, PUBLICATION, DISTRIBUTION, MANUFACTURE, AND COPYRIGHT NOTICE
Place of production, publication, distribution, manufacture [New York] :
Name of producer, publisher, distributor, manufacturer Viking,
Date of production, publication, distribution, manufacture, or copyright notice [2018]
300 ## - PHYSICAL DESCRIPTION
Extent xxx, 669 pages, 32 numbered pages of plates :
Other physical details illustrations (chiefly color), map ;
Dimensions 24 cm.
650 #0 - SUBJECT ADDED ENTRY--TOPICAL TERM
Topical term or geographic name entry element Cold War.
9 (RLIN) 8890
651 #0 - SUBJECT ADDED ENTRY--GEOGRAPHIC NAME
Geographic name Europe
General subdivision History
Chronological subdivision 20th century.
9 (RLIN) 8891
651 #0 - SUBJECT ADDED ENTRY--GEOGRAPHIC NAME
Geographic name Europe
General subdivision History
Chronological subdivision 21st century.
9 (RLIN) 8892
653 ## - INDEX TERM--UNCONTROLLED
keyword ისტორია
653 ## - INDEX TERM--UNCONTROLLED
keyword ევროპა
942 ## - ADDED ENTRY ELEMENTS (KOHA)
Source of classification or shelving scheme
Koha item type წიგნი
ეგზემპლარები
Withdrawn status Lost status Source of classification or shelving scheme Damaged status Not for loan Permanent Location Current Location Shelving location Date acquired Cost, normal purchase price Full call number Barcode Date last seen Copy number Price effective from Koha item type Public note
          ბათუმის შოთა რუსთაველის სახელმწიფო უნივერსიტეტის მთავარი ბიბლიოთეკა ბათუმის შოთა რუსთაველის სახელმწიფო უნივერსიტეტის მთავარი ბიბლიოთეკა წიგნსაცავი 2020-06-29 111.00 94(4) K-37 60701 2020-06-29 60701 2020-06-29 წიგნი 111 ლ.